| 000 | 01098nam a2200265 i 4500 | ||
|---|---|---|---|
| 001 | 183884 | ||
| 003 | ES-MaACL | ||
| 005 | 20231110174336.0 | ||
| 008 | 141105s2014 sp com | |||||||| | spa d | ||
| 080 | _a77"19" | ||
| 080 | _a821.134.2-14"19"(082.2) | ||
| 245 | 0 | 4 |
_aUna canción, un labio _b: diecisiete labios en dos miradas, una canción y el mar / _c[coordinación, Amparo Cuenca Tamarit ; Juan C. Iturra ... et al.]. |
| 260 |
_aAlmansa : _bUniversidad Popular, Ayuntamiento de Almansa, _c[2014] |
||
| 300 |
_a143 p. : _bil. col. y n., fot. ; _c24 cm + _e1 DVD. |
||
| 650 | 7 |
_aFotografía- _yS.XX. _9155849 |
|
| 650 | 7 |
_aPoesías españolas- _yS.XX. _916221 |
|
| 700 | 1 |
_aCuenca Tamarit, Amparo. _9155850 |
|
| 700 | 1 |
_aIturra, Juan C. _9155852 |
|
| 710 | 2 |
_aUniversidad Popular de Almansa. _9155086 |
|
| 852 |
_aES-MaACL _jA-13295 _9190843 _bR.150142 _cDEPO1 _dOlim: N-6295 _hDonación: Amparo Cuenca Tamarit _gDedicatoria autógrafa de la autora |
||
| 852 |
_aES-MaACL _jROT 2/7/30 |
||
| 903 |
_9155850 _aCuenca Tamarit, Amparo _ednr |
||
| 942 |
_2udc _cMONOGRAFIA |
||
| 999 |
_c183884 _d183884 |
||